A textbook of Cultural Economics / (Record no. 17215)
[ view plain ]
| 000 -LEADER | |
|---|---|
| fixed length control field | 00749cam a2200229 a 4500 |
| 001 - CONTROL NUMBER | |
| control field | 16218805 |
| 005 - DATE AND TIME OF LATEST TRANSACTION | |
| control field | 20130203141151.0 |
| 008 - FIXED-LENGTH DATA ELEMENTS--GENERAL INFORMATION | |
| fixed length control field | 100505s2010 enka b 001 0 eng d |
| 020 ## - INTERNATIONAL STANDARD BOOK NUMBER | |
| International Standard Book Number | 0521888727 (hbk.) |
| 020 ## - INTERNATIONAL STANDARD BOOK NUMBER | |
| International Standard Book Number | 9780521888721 (hbk.) |
| 020 ## - INTERNATIONAL STANDARD BOOK NUMBER | |
| International Standard Book Number | 0521717027 (pbk.) |
| 020 ## - INTERNATIONAL STANDARD BOOK NUMBER | |
| International Standard Book Number | 9780521717021 (pbk.) |
| 082 04 - DEWEY DECIMAL CLASSIFICATION NUMBER | |
| Classification number | 338.477 |
| Edition number | 22 |
| Item number | TOW |
| 100 1# - MAIN ENTRY--PERSONAL NAME | |
| Personal name | Towse, Ruth, |
| Dates associated with a name | 1943- |
| 9 (RLIN) | 32355 |
| 245 12 - TITLE STATEMENT | |
| Title | A textbook of Cultural Economics / |
| Statement of responsibility, etc | Ruth Towse. |
| 260 ## - PUBLICATION, DISTRIBUTION, ETC. (IMPRINT) | |
| Place of publication, distribution, etc | Cambridge, UK ; |
| -- | New York : |
| Name of publisher, distributor, etc | Cambridge University Press, |
| Date of publication, distribution, etc | 2010. |
| 300 ## - PHYSICAL DESCRIPTION | |
| Extent | xxv, 600 p. : |
| Other physical details | ill. ; |
| Dimensions | 26 cm. |
| 504 ## - BIBLIOGRAPHY, ETC. NOTE | |
| Bibliography, etc | Includes bibliographical references (p. [559]-571) and index. |
| 650 #0 - SUBJECT ADDED ENTRY--TOPICAL TERM | |
| Topical term or geographic name as entry element | Arts |
| General subdivision | Economic aspects. |
| 9 (RLIN) | 32356 |
| 653 ## - INDEX TERM--UNCONTROLLED | |
| Resource For college | |
| Arrived date list | February2013 |
| 942 ## - ADDED ENTRY ELEMENTS (KOHA) | |
| Source of classification or shelving scheme | Dewey Decimal Classification |
| Item type | Book - Borrowing |
| Withdrawn status | Item status | Source of classification or shelving scheme | Damaged status | Not for loan | Vendor | Home library | Current library | Shelving location | Date acquired | Source of acquisition | Cost, normal purchase price | Serial Enumeration / chronology | Total Checkouts | Full call number | Barcode | Date last seen | Koha item type |
|---|---|---|---|---|---|---|---|---|---|---|---|---|---|---|---|---|---|
| Dewey Decimal Classification | MERIC | Central Library | Central Library | First floor | 03/02/2013 | 408.00 | 000262 | 338.477 TOW | 000027982 | 15/07/2025 | Book - Borrowing |